[Event "ESP-ch Rapid 2018"]
[Site "Linares"]
[Date "2018.08.19"]
[Round "3"]
[White "Domingo Nunez, Alejandro"]
[Black "Beltran De Heredia E, Miguel"]
[Result "1-0"]
[WhiteElo "2373"]
[BlackElo "2229"]
[Annotator "NA"]
[PlyCount "59"]
[EventDate "2018.08.19"]
[EventType "team-tourn"]
[EventCountry "ESP"]
[SourceTitle "playchess.com"]
[Source "ChessBase"]
[SourceQuality "1"]
[TimeControl "900+5"]

1. e4 {[%emt 0:00:00]} c5 {[%emt 0:00:00]} 2. d4 {[%emt 0:00:00]} cxd4 3. c3 Nf6 {[%emt 0:00:02]} 4. e5 {[%emt 0:00:01]} Nd5 {[%emt 0:00:01]} 5. Nf3 {[%emt 0:00:02]} e6 {[%emt 0:00:28]} 6. cxd4 {[%emt 0:00:02]} b6 {[%emt 0:00:02]} 7. Nc3 {[%emt 0:00:14]} Nxc3 {[%emt 0:00:06]} 8. bxc3 {[%emt 0:00:01]} Qc7 {[%emt 0:00:02]} 9. Bd2 {[%emt 0:00:01]} Bb7 {[%emt 0:00:04]} 10. Bd3 {[%emt 0:00:01]} d6 {[%emt 0:00:03]} 11. O-O {[%emt 0:00:08]} Nd7 {[%emt 0:00:03]} 12. Ng5 {[%emt 0:00:08]} dxe5 {[%emt 0:01:14]} 13. Qh5 {[%emt 0:03:10]} g6 {[%emt 0:00:01]} 14. Qh3 {[%emt 0:00:06]} Be7 {[%emt 0:00:02]} 15. Rae1 {[%emt 0:00:20]} Bxg5 {[%emt 0:03:25]} 16. Bxg5 {[%emt 0:00:02]} f5 {[%emt 0:00:36]} 17. Qh6 {[%emt 0:01:12]} Kf7 {[%emt 0:02:11]} 18. Bb5 {[%emt 0:00:31]} Bc6 {[%emt 0:02:19]} 19. Bxc6 {[%emt 0:00:53]} Qxc6 {[%emt 0:00:02]} 20. dxe5 {[%emt 0:00:05]} Qxc3 {[%emt 0:00:27]} 21. Rc1 {[%emt 0:04:31]} Qxe5 {[%emt 0:00:12]} 22. Rfe1 {[%emt 0:00:18]} Qa5 {[%emt 0:01:40]} 23. Red1 {[%emt 0:00:17]} Nc5 {[%emt 0:00:26]} 24. Rxc5 {[%emt 0:01:00]} bxc5 {[%emt 0:00:37]} 25. Rd7+ {[%emt 0:00:14]} Ke8 {[%emt 0:00:02]} 26. Re7+ {[%emt 0:00:01]} Kd8 {[%emt 0:00:01]} 27. Rxa7+ {[%emt 0:01:06]} Kc8 {[%emt 0:00:00]} 28. Rxa5 {[%emt 0:00:02]} Rxa5 {[%emt 0:00:02]} 29. Qg7 {[%emt 0:00:07]} Re8 {[%emt 0:00:01]} 30. Bf4 {[%emt 0:00:05]} 1-0

[Event "ESP-ch Rapid 2018"]
[Site "Linares"]
[Date "2018.08.19"]
[Round "3"]
[White "Lianes Garcia, Marcos"]
[Black "Garcia Romero, Benjamin Abel"]
[Result "1-0"]
[WhiteElo "2340"]
[BlackElo "2230"]
[Annotator "TA"]
[PlyCount "111"]
[EventDate "2018.08.19"]
[EventType "team-tourn"]
[EventCountry "ESP"]
[SourceTitle "playchess.com"]
[Source "ChessBase"]
[SourceQuality "1"]

{[%evp 9,111,-27,0,0,81,89,96,61,112,120,136,131,141,131,177,133,147,128,163,172,166,137,139,132,147,126,151,122,117,121,125,116,154,123,127,117,133,101,104,106,104,97,103,89,106,106,106,106,109,62,58,61,156,163,156,158,156,156,155,155,155,155,150,150,291,286,265,245,255,254,222,74,180,182,181,179,187,205,560,533,542,534,536,467,457,451,2203,1495,2461,680,1305,631,596,605,12840,12841,12837,12837,12843,12840,12843,12843,12847,12848]} 1. e4 c5 2. g3 d5 3. exd5 Qxd5 4. Nf3 Nc6 5. Bg2 Qe4+ (5... Qe6+ 6. Kf1 Nf6 7. d3 g6 8. Be3 b6 9. Nc3 Bb7 10. h3 Bg7 11. Kg1 O-O 12. Kh2 Rad8 13. Re1 Qc8 14. Qc1 {1-0 (35) Mamedov,R (2650)-Kulaots,K (2574) Minsk 2015}) 6. Kf1 {B20: Sicilian: Unusual White 2nd moves} Nd4 (6... Qg6 $11) 7. d3 $16 Qe6 $146 ({Predecessor:} 7... Qg4 8. h3 Qd7 9. Nc3 Nxf3 10. Qxf3 Nf6 11. Bg5 Ng8 12. Re1 e6 {0-1 (40) Dolezal,V-Mazurik,V (2100) Hrabyne 1996}) 8. Be3 {White is better.} (8. Na3 {is interesting.} Qa6 9. Be3 Nxf3 10. Qxf3 e6 11. Bf4) 8... Nxf3 (8... Qb6 $14) 9. Qxf3 Qf6 10. Nc3 Qxf3 11. Bxf3 e6 12. Ne4 Bd7 13. Bxc5 Nf6 14. Nxf6+ gxf6 15. Bxf8 (15. Bxb7 $6 Rb8 $16) 15... Kxf8 16. Kg2 Rb8 17. Rhe1 Ke7 18. d4 Rhc8 19. c3 b5 20. Rac1 a5 21. Be4 h6 22. f4 Kd6 23. Kf2 f5 24. Bf3 Bc6 25. Bxc6 Rxc6 {[%mdl 4096] Endgame KRR-KRR} 26. Ke3 a4 27. Kd3 f6 28. Re2 Rbc8 29. Rec2 h5 30. Rg1 Rc4 (30... Rg8 $14) 31. b3 $1 {[%cal Rb3c4]} axb3 32. axb3 R4c6 33. Ra1 h4 34. c4 ({Don't play} 34. gxh4 $6 Rh8 $14) 34... hxg3 35. hxg3 Rg8 36. Rg2 Rb8 (36... bxc4+ $16 37. bxc4 Rgc8) 37. c5+ $18 Kd5 38. b4 e5 {[#]} 39. dxe5 $1 fxe5 40. fxe5 (40. Rd2 $18 {and White stays clearly on top.}) 40... Rg8 (40... Rg6 $16) 41. Kc3 Kxe5 {[#]} 42. Re2+ $1 Kf6 43. Re3 Rg4 $2 (43... Re6 {is more resistant.} 44. Rd3 Ke5) 44. Ra5 {White is clearly winning.} Re6 45. Rd3 Ree4 46. Rxb5 Rc4+ 47. Kb3 Kg5 (47... Rc1 $142 48. Rb6+ Ke5) 48. Rb8 Kf6 49. Rb6+ (49. Rd6+ $142 Kg5 50. Rg8+ Kh5 51. Rxg4 Rxg4 52. c6 Rxg3+ 53. Kc4) 49... Ke5 50. c6 (50. Rdd6 $142 Rce4 51. Re6+ Kd4 52. Rbd6+ Ke3 53. Rxe4+ Kxe4 54. c6) 50... Rge4 51. Ka4 Ke6 52. c7+ Ke5 53. Rb7 Re1 54. Rd8 Rec1 55. Rb5+ Ke6 {[#]} 56. Rc5 $1 {Precision: White = 52%, Black = 45%.} 1-0

[Event "ESP-ch Rapid 2018"]
[Site "Linares"]
[Date "2018.08.19"]
[Round "3"]
[White "Blanco Acevedo, Cristobal Jose"]
[Black "Orantes Taboada, Francisco"]
[Result "1-0"]
[WhiteElo "2336"]
[BlackElo "2242"]
[Annotator "TA"]
[PlyCount "96"]
[EventDate "2018.08.19"]
[EventType "team-tourn"]
[EventCountry "ESP"]
[SourceTitle "playchess.com"]
[Source "ChessBase"]
[SourceQuality "1"]

{[%evp 15,96,0,0,0,11,-4,29,29,36,-14,-19,-28,-3,-14,-10,-45,-30,-45,8,-22,-36,-36,-22,-50,-8,-31,-35,-38,-37,-51,-53,-52,-54,-60,0,0,-12,0,4,-27,-20,-33,0,0,0,-3,0,0,10,6,10,0,44,30,21,20,246,33,229,8,12,8,29,17,28,8,8,0,8,0,8,0,0,-8,0,-138,361,299,481,483,441,425,677]} 1. g3 g6 2. Bg2 Bg7 3. Nf3 Nf6 4. O-O O-O 5. c4 d5 6. Na3 {A15: English Opening: 1...Nf6} (6. cxd5 Nxd5 7. d4 c5 8. Nc3 Nxc3 9. bxc3 Nc6 10. Be3 Be6 11. dxc5 Bxc3 12. Rb1 Qc7 13. Qc2 Bg7 14. Bf4 Qc8 15. Rfd1 Bf5 16. e4 Bg4 17. Be3 Ne5 18. Qe2 f5 {½-½ (31) Fressinet,L (2662)-Nepomniachtchi,I (2729) Riadh 2017}) 6... Nc6 7. d3 dxc4 8. Nxc4 Nd5 {LiveBook: 6 Games} 9. Rb1 Nb6 10. Ne3 Be6 $146 ({Predecessor:} 10... a5 11. b3 e5 12. Nc4 Nd5 13. Bb2 Re8 14. a3 Nb6 15. Nfd2 Bf5 {0-1 (46) Teterev,V (2507)-Maiorov,N (2552) Minsk 2014}) 11. b3 Qc8 12. Ba3 Bh3 13. Qc2 Bxg2 14. Kxg2 Re8 15. Bb2 e5 16. Rbc1 Bh6 (16... Qd7 $15) 17. Qc5 Qe6 18. Rcd1 Rad8 19. h3 Qd6 (19... Rd7 {looks sharper.} 20. Qc2 Red8 21. Rfe1 f6 22. Bc1 Bg7) 20. Ba3 Qxc5 21. Bxc5 Nd5 22. Ng4 Bg7 23. Rc1 f5 24. Ne3 Bh6 25. Nxd5 Rxd5 26. Rc2 e4 27. Ne1 Re6 28. f4 exd3 29. Nxd3 Bg7 30. Bf2 Bd4 31. Rfc1 Bxf2 32. Kxf2 Re7 33. Rc5 Rxc5 34. Rxc5 $11 {[%mdl 4096] Endgame KRN-KRN} Kf7 35. e3 Rd7 $2 (35... Kf6 $11 {and Black has nothing to worry.}) 36. Ke2 $2 (36. Rxc6 $1 $18 bxc6 37. Ne5+ Ke8 38. Nxd7 Kxd7 39. e4) 36... Ke6 $2 (36... Kf6 $14) 37. b4 $2 ({Better is} 37. Rxc6+ $1 $18 bxc6 38. Nc5+ Ke7 39. Nxd7 Kxd7 40. Kd3) 37... Rd5 38. b5 Nb4 $1 {[%cal Rb4d3]} 39. Rxd5 Nxd5 {KN-KN} 40. Nc5+ Ke7 41. Kd3 Nb4+ 42. Kc4 Nxa2 43. Nd3 Kd6 44. Kb3 Kd5 $1 {[%cal Rd5e4]} 45. Kxa2 {[#] Threatens to win with Nf2.} c6 $2 {[%mdl 8192]} (45... Ke4 $1 $17 {[%cal Re4d3]} 46. Ne5 Kxe3) 46. bxc6 bxc6 $2 {[#]} (46... Kxc6 {keeps fighting.} 47. Nf2 Kd5) 47. Nf2 $1 $18 Kc4 48. Ka3 a5 {Precision: White = 47%, Black = 43%.} (48... c5 $142 49. g4 Kd5) 1-0

[Event "ESP-ch Rapid 2018"]
[Site "Linares"]
[Date "2018.08.19"]
[Round "3"]
[White "Galiana Fernandez, Adrian"]
[Black "Arizmendi Martinez, Julen Luis"]
[Result "0-1"]
[WhiteElo "2291"]
[BlackElo "2507"]
[Annotator "TA"]
[PlyCount "36"]
[EventDate "2018.08.19"]
[EventType "team-tourn"]
[EventCountry "ESP"]
[SourceTitle "playchess.com"]
[Source "ChessBase"]
[SourceQuality "1"]

{[%evp 13,36,17,36,0,0,-10,0,-1,0,0,0,0,16,-78,-85,-81,-72,-102,-78,-84,-81,-173,-135,-325,-310]} 1. e4 e6 2. d4 d5 3. Nd2 Be7 4. Bd3 c5 5. dxc5 Nf6 6. Qe2 O-O 7. Ngf3 {C03: French Tarrasch: Unusual Black 3rd moves} Nfd7 {[%cal Bf6d7,Bd7e5,Be5f3][%mdl 32] LiveBook: 20 Games} (7... a5 8. O-O Na6 9. e5 Nd7 10. c4 Ndxc5 11. Bb1 d4 12. Rd1 d3 13. Qe3 b6 14. Ne1 Bb7 15. Nxd3 {½-½ (57) Liang,A (2552)-So,W (2786) Saint Louis 2018}) 8. b4 a5 9. c3 {The position is equal.} axb4 10. cxb4 Nc6 {[%cal Bb8c6,Bc6e5,Be5d3][%mdl 32]} 11. Rb1 $1 Rxa2 12. O-O Nde5 $146 ({Predecessor:} 12... Bf6 13. Rd1 Nde5 14. b5 Nxf3+ 15. Qxf3 {1-0 (37) Dargan,P (2096)-Redmond,J (2197) Reading 2017}) 13. b5 (13. Nxe5 $11 Nxe5 14. Rb2) 13... Nxf3+ $17 14. Qxf3 Ne5 $36 {[%mdl 2048] Black is in control.} 15. Qg3 Nxd3 16. Qxd3 Bxc5 17. e5 (17. Nb3 $17 Bd6 18. Rd1) 17... Qh4 18. Nb3 $2 {[#]} (18. g3 $17 {keeps fighting.} Qd8 19. Nb3) 18... Bxf2+ 0-1

[Event "ESP-ch Rapid 2018"]
[Site "Linares"]
[Date "2018.08.19"]
[Round "3"]
[White "Martin Rueda, Daniel"]
[Black "Ljubojevic, Ljubomir"]
[Result "0-1"]
[WhiteElo "2267"]
[BlackElo "2571"]
[Annotator "TA"]
[PlyCount "104"]
[EventDate "2018.08.19"]
[EventType "team-tourn"]
[EventCountry "ESP"]
[SourceTitle "playchess.com"]
[Source "ChessBase"]
[SourceQuality "1"]

{[%evp 22,104,33,22,59,35,54,49,70,38,28,21,95,55,169,150,187,168,183,43,45,39,138,-12,-12,-20,-20,-16,-37,-37,-39,-118,-50,-46,-29,-87,-8,-8,0,-8,0,0,0,0,0,0,0,0,0,0,0,0,0,-89,-84,-80,-49,-63,0,-743,-8,-8,-8,-29998,-337,-166,0,-29998,-29992,-29992,-29993,-29993,-29994,-29994,-29995,-29995,-29991,-29991,-29992,-29995,-29996,-29996,-29997,-29997,-29998]} 1. d4 g6 2. e4 Bg7 3. Nc3 d6 4. g3 c6 5. a4 a5 6. Bg2 Nf6 7. Nge2 O-O 8. O-O Na6 9. h3 Qc7 10. Be3 e5 11. Qd2 Re8 12. Rad1 {LiveBook: 11 Games. B07: Pirc Defence: Miscellaneous Systems} (12. f4 exd4 13. Bxd4 Nb4 14. Rad1 Be6 15. b3 d5 16. f5 gxf5 17. exf5 Bd7 18. g4 Rad8 19. Nf4 h6 {½-½ (57) Stupak,K (2588)-Moranda,W (2593) Katowice 2017}) 12... Be6 13. b3 Rad8 $146 ({Predecessor:} 13... Nb4 14. f4 exd4 15. Bxd4 Rad8 16. f5 gxf5 17. exf5 Bd5 18. Nxd5 cxd5 19. Nc3 Re5 {1-0 (53) Tempone,M (2416)-Ledesma,O (2197) Callao 2007}) 14. f4 {White is slightly better.} exd4 15. Nxd4 Bc8 {White should prevent ...Nc5.} 16. Rfe1 Nh5 (16... Nc5 $11) 17. Bf2 f5 ({Better is} 17... Nb4 $14) 18. exf5 $18 {Black must now prevent g4.} gxf5 19. Rxe8+ Rxe8 {[#]} 20. Re1 (20. Ncb5 $1 $18 {[%mdl 512]} cxb5 21. Nxb5) 20... Rxe1+ $14 21. Qxe1 Kf7 (21... Qf7 $14) 22. Nd5 (22. Bf3 $16 Nf6 23. Nd1) 22... cxd5 $11 23. Bxd5+ Kf8 $1 24. Ne6+ $1 Bxe6 $1 25. Qxe6 {Hoping for Qg8+.} Nf6 26. Bc4 {[#]} (26. Qxf5 $15 Nb4 27. Bg2) 26... Nc5 ({Black should try} 26... Nb4 $1 $17 27. Bd4 d5) 27. Qxf5 $15 Qd7 28. Qg5 (28. Qxd7 $11 Nfxd7 29. Be1) 28... Nce4 (28... b6 $17 29. g4 Nce4) 29. Qxa5 $11 Nxf2 30. Kxf2 d5 31. Bd3 Kf7 32. Kg2 Bf8 33. g4 Qd6 $36 {[%mdl 2048] Black has the initiative.} 34. Kf3 Be7 35. Qa8 Bd8 36. Qxb7+ Bc7 $1 37. Bf5 (37. f5 $11) 37... Qxf4+ 38. Ke2 Qe5+ 39. Kd3 Ne4 ({Black should play} 39... Qg3+ $15 40. Ke2 Kg7) 40. Qc6 $2 {[%mdl 8192] [#]} (40. Bxe4 $11 Qxe4+ 41. Kd2) 40... Bd6 $2 (40... Qg3+ $1 $19 41. Kd4 Qf2+ 42. Kxd5 Qd2+ 43. Kxe4 Qg2+ 44. Kd3 Qxc6) 41. Qd7+ Be7 {( -> ...Qc3+)} 42. Qc8 $2 {[%mdl 8192]} (42. Bxe4 $11 Qxe4+ 43. Kd2) 42... Nd6 $2 (42... Nf2+ {mates} 43. Kd2 Bg5#) 43. Qd7 $19 Ne4 $2 (43... d4 $19 44. Qe6+ Qxe6 45. Bxe6+ Kxe6 46. Kxd4 Kd7) 44. Qc8 Nc5+ {Black mates.} 45. Kd2 Bg5+ 46. Kd1 Qd4+ 47. Bd3 Qg1+ 48. Ke2 Qe3+ 49. Kf1 Qxh3+ 50. Ke2 Qg2+ 51. Ke1 Bh4+ 52. Kd1 Qg1+ {Precision: White = 33%, Black = 28%.} 0-1

[Event "ESP-ch Rapid 2018"]
[Site "Linares"]
[Date "2018.08.19"]
[Round "3"]
[White "Jimenez Martinez, Jose Vicente"]
[Black "Rodriguez Martin, Emilio"]
[Result "1-0"]
[WhiteElo "2243"]
[BlackElo "2159"]
[Annotator "TA"]
[PlyCount "57"]
[EventDate "2018.08.19"]
[EventType "team-tourn"]
[EventCountry "ESP"]
[SourceTitle "playchess.com"]
[Source "ChessBase"]
[SourceQuality "1"]

{[%evp 18,57,64,53,52,16,70,0,57,12,18,18,21,20,20,14,22,8,6,4,41,49,165,192,270,266,313,307,296,314,508,490,493,479,932,913,1439,1370,2877,2330,29987,29988]} 1. d4 d5 2. c4 c6 3. Nf3 Nf6 4. Nc3 g6 5. cxd5 cxd5 6. Bf4 Nc6 7. h3 Bg7 8. e3 a6 9. Be2 O-O 10. O-O {LiveBook: 29 Partien. D90: Grünfeldindisch (Flohr-Variante)} e6 (10... Bf5 11. Rc1 Rc8 12. Qb3 b5 13. Ne5 Nxe5 14. Bxe5 Ne4 15. Nxe4 Bxe4 16. Bxg7 Kxg7 17. Rc5 e5 18. Rfc1 Rxc5 19. dxc5 {1-0 (39) Carlsen,M (2834)-Yanchenko,R (2436) chess.com INT 2018}) 11. Ne5 Bd7 (11... Nxe5 $11 12. Bxe5 (12. dxe5 Nd7 $11) 12... Bd7) 12. a4 $146 ({Lieber} 12. Nd3 $14) ({Vorgänger:} 12. Rc1 Nxe5 13. Bxe5 Bc6 14. b4 Qd7 15. Qb3 Ne4 16. Bxg7 Kxg7 17. Nxe4 dxe4 {½-½ (31) Toledo,J (2369)-Segal,A (2313) Sao Paulo 2002}) 12... Rc8 (12... Nxe5 $11 13. Bxe5 (13. dxe5 Ne4 $11) 13... Qb6) 13. Nxc6 Bxc6 14. b4 Ne4 15. Nxe4 dxe4 16. b5 axb5 17. axb5 Bd5 18. Qd2 Qe7 19. b6 Bc4 (19... Bf6 $14) 20. Bxc4 $18 Rxc4 (20... e5 $142) 21. Bc7 Qd7 22. Rfc1 Rxc1+ 23. Qxc1 ({Nicht} 23. Rxc1 Rc8 $14) 23... Qd5 $2 (23... e5) 24. Ra7 Rc8 {Wenn Schwarz jetzt Zeit für ...Lf8 hätte...} 25. Qc5 {[#] Und weiter mit Dxd5 wäre nett.} Qb3 (25... Bf6 $142 26. Qxd5 exd5 27. Rxb7 Bd8) 26. Rxb7 Bf8 27. Qc6 Qd1+ 28. Kh2 Qf1 29. Qd7 {Precision: Weiß = 75%, Schwarz = 18%.} 1-0

[Event "ESP-ch Rapid 2018"]
[Site "Linares"]
[Date "2018.08.19"]
[Round "3"]
[White "Carretero Ortiz, Francisco"]
[Black "Perez Candelario, Manuel"]
[Result "1/2-1/2"]
[WhiteElo "2241"]
[BlackElo "2611"]
[Annotator "TA"]
[PlyCount "52"]
[EventDate "2018.08.19"]
[EventType "team-tourn"]
[EventCountry "ESP"]
[SourceTitle "playchess.com"]
[Source "ChessBase"]
[SourceQuality "1"]

{[%evp 12,52,82,57,75,69,69,73,77,70,76,68,86,86,112,62,118,93,104,8,77,0,44,-7,-10,-31,-31,-22,-16,-44,-51,-36,-45,-43,-27,-74,-56,-135,-137,-127,-102,-309,-303]} 1. e4 g6 2. d4 Bg7 3. Nc3 c6 4. Bc4 d6 5. Nf3 b5 6. Bb3 b4 7. Ne2 {LiveBook: 14 Games. B06: Modern Defence} a5 8. a3 {Black must now prevent axb4.} bxa3 $146 ({Predecessor:} 8... Na6 9. axb4 axb4 10. Nf4 Bd7 11. Qe2 Qc8 12. e5 d5 13. O-O Nc7 14. Bd2 {1-0 (30) Rombaldoni,A (2458)-Laco,G (2085) Trieste 2012}) 9. Rxa3 {White is slightly better.} Nf6 10. e5 dxe5 11. Nxe5 O-O 12. O-O e6 13. Bg5 Ba6 ({Better is} 13... c5 $14) 14. Re1 $16 c5 {[%cal Bc6c5,Bc5c4][%mdl 32]} 15. d5 ({White should try} 15. Nf4 $16 c4 16. Bxc4 Bxc4 17. Nxc4) 15... exd5 (15... c4 $11 16. Bxc4 (16. Nxc4 Qxd5 17. Qxd5 Nxd5 $11) 16... Bxc4) 16. Ng4 (16. Nf4 $16 {[%cal Rf4d5]} c4 17. Ba4) 16... Bxe2 17. Qxe2 (17. Rxe2 $14 c4 18. Ba4) 17... c4 $11 18. Qf3 (18. Ba4 $5 {[%cal Re2f3]}) 18... Ra6 19. Ba4 h5 20. Nxf6+ Bxf6 21. Bh6 Bg7 $40 {[%mdl 128] Black is up to no good.} 22. Bxg7 Kxg7 23. Re5 Rd6 24. g4 {[#]} (24. Qc3 $15) 24... Qf6 $1 $17 {[%cal Rf6e5]} 25. Qg3 hxg4 26. Rae3 $2 (26. h3 $17) 26... Na6 {[%mdl 32768] Precision: White = 33%, Black = 53%. . An unexpected result.} 1/2-1/2

[Event "ESP-ch Rapid 2018"]
[Site "Linares"]
[Date "2018.08.19"]
[Round "3"]
[White "Silva Rodriguez, Fernando"]
[Black "Razola, Garcia Joaquin"]
[Result "1-0"]
[WhiteElo "2239"]
[BlackElo "2087"]
[Annotator "TA"]
[PlyCount "75"]
[EventDate "2018.08.19"]
[EventType "team-tourn"]
[EventCountry "ESP"]
[SourceTitle "playchess.com"]
[Source "ChessBase"]
[SourceQuality "1"]

{[%evp 15,75,80,81,67,74,77,158,33,36,42,141,156,152,150,176,171,230,204,250,110,202,75,194,200,200,200,188,193,457,443,495,281,337,329,323,325,354,341,357,354,343,343,372,368,401,350,470,356,450,333,295,289,282,158,1264,1239,1825,1129,29983,29984,29983,29984]} 1. d4 Nf6 2. c4 e6 3. Nc3 Bb4 4. e3 b6 5. Bd3 Bb7 6. f3 O-O 7. Nge2 Nh5 8. O-O f5 9. a3 {E43: Nimzo-Indian: Rubinstein: 4...b6} (9. Qc2 Qh4 10. Bd2 Bd6 11. f4 Na6 12. a3 Rf6 13. Be1 Qg4 14. Ng3 Nxg3 15. Bxg3 Rh6 16. Qa4 Rf8 17. Be2 {1-0 (32) Tikkanen,H (2560)-Topholm,M (2159) Odense 2011}) 9... Bd6 $146 ({Predecessor:} 9... Bxc3 10. Nxc3 d6 11. Qc2 Nd7 12. b4 Qe7 13. Bd2 Rac8 14. a4 c5 15. a5 cxb4 16. Ne2 bxa5 17. Rxa5 {1-0 (39) Avellan,G (1890)-Wittal,W (1972) LSS email 2009}) 10. Qe1 f4 (10... c5 $142) 11. e4 (11. Ne4 $16) 11... e5 $14 12. Nb5 Nc6 (12... Be7 $1 $14) 13. Nxd6 $16 cxd6 14. Qf2 Qf6 15. b4 Rae8 (15... exd4 $142 16. Rd1 Ne5) 16. Bb2 Qg5 17. Kh1 (17. d5 $18 {is more deadly.}) 17... Rf6 (17... exd4 $16 {keeps fighting.} 18. Rfd1 (18. Nxd4 Ng3+ 19. Kg1 Nxf1 $11) 18... Rf6) 18. Bc1 (18. d5 $18) 18... Qg6 (18... exd4 $16 {was worth a try.} 19. Rd1 Rg6) 19. d5 $18 Nd4 20. Nxd4 Ng3+ {[#]} 21. Kg1 $1 (21. hxg3 $2 fxg3 22. Qxg3 Qxg3 $19) 21... exd4 $2 (21... Nxf1 {was called for.} 22. Qxf1 exd4) 22. Rd1 ({Worse is} 22. hxg3 fxg3 23. Qe1 (23. Qxd4 Qh5 $11) 23... Re5 $15) 22... Re5 23. Bxf4 (23. hxg3 $142 fxg3 24. Qxd4) 23... Ne2+ 24. Bxe2 Rxf4 25. Bf1 ({Don't take} 25. Qxd4 $6 Rh4 $18) 25... h5 26. Rxd4 Qf6 27. Ra2 h4 {If Black can now play ...h3 this consolidates a bit.} 28. h3 Rg5 {[#] Threatens to win with ...Rxf3.} 29. Kh1 Rg3 30. Rd3 g5 31. Qd4 Qf7 32. a4 g4 33. hxg4 Rfxg4 34. Rd1 ({White should play} 34. a5 $18) 34... Rh3+ $2 (34... Rg7 $16 35. Rd3 h3) 35. gxh3 Qxf3+ 36. Rg2 Rxg2 37. Bxg2 Qxd1+ 38. Qxd1 {Precision: White = 55%, Black = 17%.} 1-0

[Event "ESP-ch Rapid 2018"]
[Site "Linares"]
[Date "2018.08.19"]
[Round "3"]
[White "Centron Antuna, Daniel"]
[Black "Joglar Garcia, Maria"]
[Result "1-0"]
[WhiteElo "2231"]
[BlackElo "1583"]
[Annotator "TA"]
[PlyCount "83"]
[EventDate "2018.08.19"]
[EventType "team-tourn"]
[EventCountry "ESP"]
[SourceTitle "playchess.com"]
[Source "ChessBase"]
[SourceQuality "1"]

{[%evp 9,83,25,34,37,61,51,48,44,68,75,69,10,39,42,59,71,56,38,63,-6,1,-41,20,9,18,0,0,7,17,-10,0,-10,-12,-28,0,-22,0,-12,16,-17,-12,-31,0,-61,-54,-71,-64,-73,-49,-63,0,0,333,322,782,771,775,774,742,710,1285,1223,1516,1393,29946,29955,1865,12095,3887,2907,29963,6199,29984,29984,29985,29985]} 1. c4 e5 2. Nc3 Nc6 3. g3 d6 4. Bg2 Bd7 5. e3 Nf6 6. Nge2 {A25: English Opening vs King's Indian with ...Nc6 but without early d3} (6. a3 a5 7. Nge2 Be7 8. O-O O-O 9. d4 exd4 10. exd4 Qc8 11. Nf4 Bg4 12. Qd3 Bf5 13. Qd1 Bg4 14. Qd3 {½-½ (14) Domany,M (2209)-Zanaty,Z (2180) Hungary 2011}) 6... Be7 7. O-O O-O 8. d4 {White is slightly better.} exd4 9. exd4 Re8 10. a3 (10. b3 $14) 10... Rb8 11. b4 $146 ({Predecessor:} 11. Nf4 a6 12. h3 Na5 {0-1 (66) Schnepfe,M-Strenger,H Borkum 1996}) 11... a5 12. b5 Na7 13. Rb1 c6 14. b6 (14. Be3 $14) 14... Nc8 $11 15. c5 dxc5 (15... Bf5 $15 16. Bf4 Bxb1 17. Qxb1 Nh5) 16. Bf4 {[#] Hoping for Bc7.} Bd6 $1 {[%cal Rd6f4] White must now prevent ...Bxf4.} 17. dxc5 Bxf4 18. Nxf4 Bf5 19. Qxd8 Rxd8 20. Rbd1 Ne7 21. Rfe1 Ng6 (21... Kf8 {is interesting.} 22. h4 h6 23. Kh2 Nd7 24. Be4 Ne5) 22. Nxg6 Bxg6 (22... hxg6 {feels hotter.} 23. h3 Be6 24. g4 Bb3 25. Rxd8+ Rxd8 26. Re3 Be6) 23. Ne2 Re8 24. Nf4 Bf5 25. h3 h6 26. Ne2 (26. Rxe8+ $11 Rxe8 27. Rd6) 26... Rbd8 27. Rxd8 Rxd8 28. g4 Bh7 29. Nc1 {[#] And now Nb3 would win.} a4 ({Black should try} 29... Bc2 $15) 30. Na2 Bc2 $2 {[%mdl 8192]} (30... Bd3 $11) 31. Nb4 $18 Rd1 $2 (31... Nd7 32. Nxc2 Nxc5) 32. Nxc2 Rxe1+ 33. Nxe1 Nd7 34. Nd3 f6 35. Be4 Kf7 36. Bf5 Ke7 37. Bxd7 Kxd7 38. f4 Ke6 39. Nb4 g6 40. Kf2 f5 41. gxf5+ gxf5 42. Kg3 {Precision: White = 52%, Black = 20%.} 1-0